|
|
|
|
| LEADER |
00000cam a2200000 7i4500 |
| 001 |
0000002579 |
| 005 |
20030818.0 |
| 020 |
0 |
0 |
|a 9832311179
|
| 090 |
0 |
0 |
|a 499.2331
|b ABD 2002
|
| 100 |
0 |
0 |
|a ABDULLAH Hassan
|c 1942-
|
| 245 |
1 |
0 |
|a Tesaurus Bahasa Melayu :
|b gunakan terus bagi memilih perkataan lain yang serupa maknanya supaya gaya bahasa menjadi lebih segar
|c Abdullah Hassan & Ainon Mohd.
|
| 260 |
0 |
0 |
|a Kuala Lumpur :
|b PTS Pub. ,
|c 2002
|
| 300 |
|
|
|a 344 p. ;
|c 19 cm.
|
| 650 |
0 |
0 |
|a Malay language
|x Dictionaries
|
| 650 |
0 |
0 |
|a Malay language
|x Synonyms and antonyms
|x Dictionaries
|
| 700 |
0 |
1 |
|a Ainon Mohd. ,
|c 1950-
|
| 998 |
|
|
|a JPSM
|
| 999 |
|
|
|a 0000004994
|b Monograph
|c Open Shelf
|e Default branch
|
| 999 |
|
|
|a 0000004995
|b Monograph
|c Reference
|e Default branch
|